A Survey of Challenges in Spectrum-Based Software Fault Localization

Elmentve itt :
Bibliográfiai részletek
Szerzők: Alsarhan Qusay Idrees Sarhan
Beszédes Árpád
Dokumentumtípus: Cikk
Megjelent: 2022
Sorozat:IEEE ACCESS 10
Tárgyszavak:
doi:10.1109/ACCESS.2022.3144079

mtmt:32867120
Online Access:http://publicatio.bibl.u-szeged.hu/39015
LEADER 00828nab a2200217 i 4500
001 publ39015
005 20260209081838.0
008 260209s2022 hu o 000 eng d
022 |a 2169-3536 
024 7 |a 10.1109/ACCESS.2022.3144079  |2 doi 
024 7 |a 32867120  |2 mtmt 
040 |a SZTE Publicatio Repozitórium  |b hun 
041 |a eng 
100 1 |a Alsarhan Qusay Idrees Sarhan 
245 1 2 |a A Survey of Challenges in Spectrum-Based Software Fault Localization  |h [elektronikus dokumentum] /  |c  Alsarhan Qusay Idrees Sarhan 
260 |c 2022 
300 |a 10618-10639 
490 0 |a IEEE ACCESS  |v 10 
650 4 |a Számítás- és információtudomány 
700 0 1 |a Beszédes Árpád  |e aut 
856 4 0 |u http://publicatio.bibl.u-szeged.hu/39015/1/A_Survey_of_Challenges_in_Spectrum-Based_Software_Fault_Localization-1.pdf  |z Dokumentum-elérés